| 000 | 00863ngm a2200217 i 4500 | ||
|---|---|---|---|
| 001 | C2-0338451 | ||
| 003 | PPAK | ||
| 005 | 20180727222555.0 | ||
| 008 | 161106s2016 cau|||| ||||| | vleng d | ||
| 040 |
_aPPAK _beng _cPPAK _erda |
||
| 245 | 1 | 0 |
_a13 hours : _bthe secret soldiers of Benghazi |
| 264 | 1 |
_aCalifornia : _bParamount Pictures , _c2016 |
|
| 336 |
_2rdacontent _atext |
||
| 337 |
_2rdamedia _aunmediated |
||
| 338 |
_2rdacarrier _avolume |
||
| 500 | _aBased on the book 13 hours by Mitchell Zuckoff and members of the Annex Security Team. ; DVD, NTSC, region 1; widescreen; 5.1 Dolby Digital (English, French, Spanish) or 2.0 Discrete Dolby Digital (English). ; Summary : A gripping true st | ||
| 700 | _eauthor | ||
| 700 | 1 |
_aBay, Mitchell, _ecompile |
|
| 700 | 1 |
_aScalia, Pietro ; McCusker, Michael ; Wimmer, Calvin, _eeditor |
|
| 942 |
_2ddc _cDVD |
||
| 999 |
_c167873 _d167873 |
||